All DCI & DCA Corps - Statistics

General Stats
  • This quiz has been taken 87 times
  • The average score is 34 of 55
Answer Stats
Picture Answer % Correct
Blue Devils
100%
Phantom Regiment
98%
Troopers
98%
Bluecoats
95%
Carolina Crown
95%
The Cavaliers
95%
Blue Stars
93%
Boston Crusaders
93%
Santa Clara Vanguard
93%
Blue Knights
88%
Music City
88%
Guardians
85%
Mandarins
85%
Madison Scouts
83%
The Academy
83%
Crossmen
80%
Gold
80%
The Cadets
80%
Blue Devils B
78%
Blue Devils C
78%
Genesis
73%
White Sabers
73%
Cincinnati Tradition
70%
Colts
68%
Columbus Saints
68%
Pacific Crest
68%
Fusion Core
65%
Jersey Surf
65%
Seattle Cascades
65%
Skyliners
65%
Southern Knights
65%
Spirit of Atlanta
65%
Vessel
65%
Sunrisers
60%
Spartans
55%
Reading Buccaneers
50%
The Battalion
50%
Bushwackers
45%
Colt Cadets
43%
Hawthorne Caballeros
43%
7th Regiment
40%
Heat Wave
38%
Impulse
38%
Columbians
35%
Raiders
35%
Atlanta CV
33%
River City Rhythm
33%
Southwind
33%
Calgary Stampede Showband
30%
Golden Empire
30%
Hurricanes
30%
Les Stentors
30%
Legends
23%
Rogues Hollow Regiment
23%
Govenaires
20%
No matching quizzes found
Score Distribution
Percent of People with Each Score
Percentile by Number Answered
Your Score History
You have not taken this quiz